Statistiques concernant Les merveilles du monde antique

Cliquez ici pour prendre le quiz!

Statistiques générales

  • Ce quiz a été pris 40 fois
  • Le résultat moyen est 5 sur 7

Statistiques - réponses

Réponse% Correct
Le colosse de Rhodes
97%
Les jardins suspendus de Babylone
92%
Le phare d'Alexandrie
86%
La statue de Zeus à Olympie
76%
Le temple d'Artémis à Ephèse
59%
Le mausolée d'Halicarnasse
54%
Les pyramides de Gizeh
51%

Distribution des résultats

Percentile par nombre de réponses

% des personnes avec chaque résultat

Votre développement - résultats

Vous n’avez pas pris ce quiz